000
00270nam a2200109Ia 4500
008
200302s9999 xx 000 0 und d
100
_a
P K Joy
245
_a
Total Project Management The Indian Context
260
_b
Trinity Press Ltd.,
260
_c
2014
300
_a
600 P
999
_c
4213
_d
4213